000 00701nam a2200241 i 4500
001 C2-0108487
003 PPAK
005 20180727102603.0
008 970622s1985 my |||| ||||| | may d
040 _aPPAK
_beng
_cPPAK
_erda
082 0 4 _a587.095951
_223
090 0 0 _a587.095951
_bABD
_dG
090 0 0 _a587.095951
_bABD
_dKIH
100 0 _aAbdul Aziz Bidin,
_eauthor
245 1 0 _aPaku-pakis ubatan di Semenanjung Malaysia
264 1 _aKuala Lumpur :
_bDewan Bahasa dan Pustaka ,
_c1985
300 _aix, 67 pages ;
_c22 cm
336 _2rdacontent
_atext
337 _2rdamedia
_aunmediated
338 _2rdacarrier
_avolume
650 1 0 _aFerns - Malaysia - Type specimens
942 _ddc
_cB
999 _c26781
_d26781